000 003850000a22001450004500
020 _a84-8280-174-0
041 0 _aSPA
082 0 4 _aG 862.35 C242b
100 1 _aCalderón de la Barca, Pedro (1600-1681)
245 1 0 _aEl alcalde de Zamalea : El galán fantasma / Calderón de la Barca
260 _aBogotá, Colombia : Oveja Negra
300 _a231 Pag
001 11322
942 _cBK
999 _c40663
_d40663